Postupné rozpletanie uzlov USA a ES hľadajú spoločný postup v juhoslovanskej kríze

Bibliographic Details
Main Author: Fridner, Peter (Author)
Format: Article
Language:Slovak
Subjects:

MARC

LEADER 00000nab a2200000 a 4500
001 vtls000444504
003 SK-MaSNL
005 20260305043350.0
008 120926c1992 xo 0 slo
015 |a SNBRB19rr/mm-uuuuu 
035 |a CL0444634 
040 |a SNKBUCL  |b slo  |c SNKBUCL  |e AACR2 
041 0 |a slo 
044 |a xo  |c SK 
080 |a 323(497.1):327(4+73)  |2 1981 
080 |a 327(4  |2 1981 
080 |a 73)  |2 1981 
080 |a 327(73  |2 1981 
080 |a 4)  |2 1981 
100 1 |a Fridner, Peter  |4 aut  |9 397406 
245 1 0 |a Postupné rozpletanie uzlov  |b USA a ES hľadajú spoločný postup v juhoslovanskej kríze  |c Peter Fridner 
650 0 7 |a vnútorná politika  |2 snkbucl  |9 970 
651 7 |a Juhoslávia  |2 snkbucl  |9 22118 
655 7 |a články z novín a časopisov  |2 snkbucl  |9 267496 
773 0 |t Národná obroda  |g Roč. 3, č. 61 (12. 3. 1992), s. 5 
850 |a Slovenská národná knižnica v Martine  |a MTA001 
852 |a SNK  |b KIS3GCP 
958 |a RK 
992 |a RBX 
999 |c 3353213  |d 3355143